000 00826nam a22002537a 4500
005 20170124105925.0
010 _aB-31248
020 _a8187317922
_c00.00
035 _aB-31248
037 _bCen Lib/Ret
040 _aDPL
_bEN
082 _a323
100 _aKanitkar,Satish
_96004
245 _aCulture and human rights /
_cby Satish Kanitkar
260 _aNew Delhi
_bRajat publications
_c2000
270 _a4675/21,Ansari road Darya Ganj
_bNew Delhi
_e110002
300 _a290p.
_c21cm(Hb)
500 _aInculdes index
650 _aReligious -human right
_96005
650 _aSocio economic rights
_96006
650 _a धार्मिक मानव अधिकार
_96007
650 _aसामाजिक, आर्थिक अधिकार
_96008
942 _2ddc
_cEN
_h323
_mKAN
999 _c123422
_d123422